NBA players last names - Statistics

General Stats
  • This quiz has been taken 5,114 times
  • The average score is 25 of 30
Answer Stats
First Name Position Last Name % Correct
Lebron SF James
97%
Chris PG Paul
97%
Isaiah PG Thomas
96%
Carmelo SF Anthony
95%
Stephen PG Curry
95%
Klay SG Thompson
95%
Jimmy SG Butler
94%
Tim PF/C Duncan
93%
Draymond PF Green
93%
Blake PF Griffin
93%
Russell PG Westbrook
92%
Demarcus C Cousins
91%
Zach PG Lavine
90%
Karl-Anthony C Towns
90%
James SG Harden
89%
Kyrie PG Irving
89%
Kawhi SF Leonard
89%
Dwayne SG Wade
89%
Kobe SG Bryant
88%
Anthony PF Davis
88%
Deangelo PG Russell
88%
JR SG Smith
85%
Deandre C Jordan
84%
Paul SF George
83%
Marc & Pau C Gasol
70%
Kristaps PF Porzingis
65%
John PG Wall
64%
Lamarcus PF/C Aldridge
61%
Kevin SF Durant
54%
Nikola C Vucevic
41%
No matching quizzes found
Score Distribution
Percent of People with Each Score
Percentile by Number Answered
Your Score History
You have not taken this quiz